000 00669nam a2200217 i 4500
001 120440
003 ES-MaACL
005 20250903014139.0
007 t|
008 070214s1920 fr r ||||1| fre d
100 1 _aPoincaré, Henri.
_992751
245 1 3 _aLa science et l'hypothèse /
_cpar H. Poincaré.
260 _aParis :
_bErnest Flammarion,
_c1920.
300 _a284 p. ;
_c19 cm.
490 1 _aBibliothèque de philosophie scientifique
650 _aCiencia-
_xFilosofía.
_910950
650 0 4 _aMatemáticas-
_xFilosofía
_914825
830 0 _aBibliothèque de philosophie scientifique
_9181135
852 _aES-MaACL
_jG-9000
999 _c120440
_d120440